000 01689cam a22001934a 4500
005 20250605164357.0
008 250528s ||||||||||||||||||||||||d
035 _a24359
040 _aGR-AtMCL
_bgre
_dGR-AtMCL
_eAACR2
245 1 _aΤριετές Πλάνο Ανάπτυξης με Νέες Δομές και Εξωστρέφεια και IoT / Interview: Το 2020 η Eurobank θα είναι μια Άλλη Τράπεζα
260 _c2016
300 _a62
520 _aΣεισμικές Αλλαγές Ante Portas στο ΙοΤ, Η Oracle Ποντάρει στο IaaS: Φουλ Επίθεση στην AWS, Ψηφιακός Μετασχηματισμός Επιχειρήσεων: Παλιό Κρασί σε Νέα Μπουκάλια ή Κάτι Άλλο, Blockchain Πραγματικότητα στις Τράπεζες, Πώς Μπορεί ο Καθένας να Γίνει Εκδότης Χάρη στην Πλατφόρμα Αυτοέκδοσης Bookoo των Εκδόσεων Ψυχογιός, Πώς θα Συντηρήσετε το 5G μέσω της Εταιρικής Κουλτούρας σας, Η Ασσύμετρη Απειλή του Ransomware, Οι Αλγόριθμοι Επελαύνουν στο Εταιρικό Τοπίο, Το 2020 η Eurobank θα είναι μια Άλλη Τράπεζα, Έργο Ανάπυξης Αλγόριθμων για τη Προσθήκη Ευφυϊας στα Αντικείμενα Επιτρέπει την Αυτόνομη Λήψη Αποφάσεων.
700 1 _aΜαρκέτος Παναγιώτης
_99453
700 1 _aΜπούσιας Μιχάλης Κ
_99357
942 _cCR
999 _c9247
_d9247